Bilecik Bilecik Bilecik Bilecik Bilecik

Cumhuriyet dönemi Türk roman ve öyküsü/ (Record no. 40221)

MARC details
000 -BAŞLIK
Sabit Uzunluktaki Kontrol Alanı 01167nam a22003497a 4500
001 - KONTROL NUMARASI
Control Dosyası 0040343
003 - KONTROL NUMARASI KİMLİĞİ
Kontrol Alanı KOHA_MİRAKIL
005 - EN SON İŞLEM TARİHİ ve ZAMANI
Kontrol Alanı 20260207003159.0
007 - FİZİKSEL TANIM SABİT ALAN - GENEL BİLGİ
Sabit uzunluklu kontrol alanı ta
008 - SABİT UZUNLUKTAKİ VERİ ÖGELERİ - GENEL BİLGİ
Sabit Alan 130517b1984 tu |||gr||||#||||1|tur |
040 ## - KATALOGLAMA KAYNAĞI
Özgün Kataloglama Kurumu TR-BiSEU
Kataloglama Dili tur
Çeviri Kurumu TR-BiSEU
Açıklama Kuralları rda
041 0# - DİL KODU
Metin ya da ses kaydının dil kodu tur
044 ## - YAYINLAYAN/ÜRETEN KURULUŞUN ÜLKE KODU
ISO country code tu
050 ## - SINIFLAMA ve YER NUMARASI
Sınıflama Numarası PL223
Yer Numarası .O64 1984
100 1# - KİŞİ ADI
Yazar Adı (Kişi adı) Önertoy, Olcay.
245 1# - ESER ADI BİLDİRİMİ
Başlık Cumhuriyet dönemi Türk roman ve öyküsü/
Sorumluluk Bildirimi Olcay Önertoy ; Olcay Önertoy.
264 #1 - ÜRERİM, YAYIN, DAĞITIM ve TELİF BİLDİRİMİ
Yayın yeri Ankara :
Yayınlayan Türkiye İş Bankası Kültür Yayınları
Yayın tarihi 1984
300 ## - FİZİKSEL TANIMLAMA
Sayfa, Cilt vb. vi, 397 p. ;
Boyutları 24 cm.
336 ## - İÇERİK TÜRÜ
Content type term metin
Content type code txt
Source rdacontent
337 ## - MEDYA TÜRÜ
Media type term aracısız
Media type code n
Source rdamedia
338 ## - TAŞIYICI TÜRÜ
Carrier type term cilt
Carrier type code nc
Source rdacarrier
490 1# - DİZİ BİLDİRİMİ
Dizi Bildirimi Türkiye İş Bankası Kültür Yayınları ;
Cilt Numarası genel yayın no.
490 1# - DİZİ BİLDİRİMİ
Dizi Bildirimi 250.
490 1# - DİZİ BİLDİRİMİ
Dizi Bildirimi Cumhuriyet dizisi ;
Cilt Numarası 13
500 ## - GENEL NOT
Genel Not Bibliography: p. 377-391.
650 #0 - KONU BAŞLIĞI EK GİRİŞ - KONU TERİMİ
Konusal terim veya coğrafi ad Turkish fiction--History and criticism.
9 (RLIN) 15832
650 #0 - KONU BAŞLIĞI EK GİRİŞ - KONU TERİMİ
Konusal terim veya coğrafi ad Authors, Turkish--Biography.
9 (RLIN) 10007
830 1# - SERİ EK GİRİŞİ - TEKBİÇİM ESER ADI
Tekbiçim Başlık Türkiye İş Bankası Kültür Yayınları ;
Volume number/sequential designation genel yayın no.
9 (RLIN) 7015
830 1# - SERİ EK GİRİŞİ - TEKBİÇİM ESER ADI
Tekbiçim Başlık 250.
9 (RLIN) 11119
830 1# - SERİ EK GİRİŞİ - TEKBİÇİM ESER ADI
Tekbiçim Başlık Cumhuriyet dizisi ;
Volume number/sequential designation 13
9 (RLIN) 74805
942 ## - EK GİRİŞ ÖGELERİ (KOHA)
Source of classification or shelving scheme Library of Congress Classification
Koha item type Book
Holdings
Materyal Türü Kalıcı Konum Mevcut Konum Raf Yeri Sınıflandırma Kaynağı Edinim Bilgisi Ana Konular Alt Konular Yer Numarası Demirbaş Numarası Fatura Tarihi Geri Çekilme Durumu Kayıp Durumu Hasarlı Durumu Kredi için değil Kayıt Tarih Toplam Ödünçverme Son Görülme Tarihi Son Kontrol Tarihi Genel / Bağış Notu
Book Prof. Dr. Azmi Özcan Kütüphanesi Prof. Dr. Azmi Özcan Kütüphanesi Birûni Salonu Library of Congress Classification Bağış DİL VE EDEBİYAT Doğu Asya, Afrika, Okyanusya Dilleri ve Edebiyatları PL223 .O64 1984 0040343 02/02/2026         17/05/2013 3 05/12/2024 05/12/2024 Ramazan Bakkal